000 01155nam a2200325 c 4500
003 BLK
005 20231128111932.0
008 180408b bul|||||r ||||||| ||bul||
010 _aKNG00070297000
020 _a978-954-685-430-8
_bиздат.: СофтПрес
040 _aBLK
041 _aBUL
_cBUL
_hENG
080 _aАнглийски език
_b811.111
_x-3(075.4)
_z811.111-3(075.4)
139 _a[Хиляда и петстотин] 1500 английски думи за 10 дни
_bХ 49
245 1 0 _a[Хиляда и петстотин] 1500 английски думи за 10 дни
257 _aBGR
260 София
_bСофтПрес
_c2007
300 _a144 с.
_c23 см
_eCD
380 _a80
500 _aCD със сигн. CD 1103, Ч3 802.0/Х 49
650 4 _aАнглийски език - лексика - учебни помагала
_9274453
653 _aанглийски език
653 _aлексика
852 _aЦб 230623
856 4 _qpdf
_u
856 4 _qpdf
_u
942 _cKNG
_n0
_02
944 _aCR
_c28.12.2006
_k30556
_lТеодора Пейчева-Дянкова
944 _aED
_c09.01.2007
_k
999 _c66011
_d66011